| 000 | 00493nam a22001697a 4500 | ||
|---|---|---|---|
| 003 | AR-RoIUNI | ||
| 005 | 20220329152451.0 | ||
| 008 | 220329b xxu||||| |||| 00| 0 spa d | ||
| 040 | _cIUNIR | ||
| 080 | _a618 ARC | ||
| 100 | 1 | _aArcangeli, Omar | |
| 245 | 1 |
_aGinecología básica _cDr. Omar Arcangeli y colaboradores |
|
| 260 |
_aRosario _bServicio de publicaciones de la Universidad Nacional de Rosario _cc1976 |
||
| 300 |
_a373 p. _c27 cm. |
||
| 650 | 1 | 0 |
_9100 _aGinecología |
| 942 |
_2cdu _cBK |
||
| 999 |
_c5422 _d5422 |
||